000 00338nam a2200133Ia 4500
100 _aCooper/W.D/ Helfrick/A.D
942 _cBK
654 _ameasurement
245 _aElectronic instrumentation and measurement techniques
260 _bprentice hall
_aNew Delhi
_c1988
082 _a621.381043coo
_bh
300 _a466
546 _aENGLISH
999 _c25096
_d25096